Normal view MARC view

Entry Topical Term

Number of records used in: 1

001 - CONTROL NUMBER

  • control field: 57001

003 - CONTROL NUMBER IDENTIFIER

  • control field: OSt

005 - DATE AND TIME OF LATEST TRANSACTION

  • control field: 20251003161121.0

008 - FIXED-LENGTH DATA ELEMENTS

  • fixed length control field: 251003|| aca||aabn | a|a d

040 ## - CATALOGING SOURCE

  • Original cataloging agency: OSt
  • Transcribing agency: OSt

150 ## - HEADING--TOPICAL TERM

  • Topical term or geographic name entry element: War Crimes, International Humanitarian Law, Israel-Hamas Conflict, Russia-Ukraine Conflict, Geneva Conventions, Nuremberg Trials, Tokyo Trials, Rome Statute, International Criminal Court, Command Responsibility, Sexual Violence, Legal Frameworks, Accountability Mechanisms

670 ## - SOURCE DATA FOUND

  • Source citation: Work cat.: (OSt)527291: Jha, U.C. 57000, War crimes and modern-day armed conflicts

Powered by Koha